[Event "CUB-ch U18 Girls"]
[Site "Pinar del Rio"]
[Date "2019.06.30"]
[Round "5"]
[White "Hernandez Gil, Ineymig"]
[Black "Santiesteban Garce, Betsandra Y"]
[Result "1-0"]
[WhiteElo "2116"]
[BlackElo "1931"]
[PlyCount "72"]
[EventDate "2019.06.28"]
[EventType "swiss"]
[EventRounds "9"]
[EventCountry "CUB"]
[SourceTitle "CBM 195 Extra"]
[Source "ChessBase"]
[SourceDate "2020.05.31"]
[SourceVersion "1"]
[SourceVersionDate "2020.05.31"]
[SourceQuality "1"]

1. e4 d6 2. d4 g6 3. Nc3 Bg7 4. Nf3 Nf6 5. Be3 0-0 6. h3 c6 7. Qd2 b5 8. Bd3 Qc7 9. 0-0 e5 10. dxe5 dxe5 11. a3 Be6 12. Rfe1 Nbd7 13. Ng5 Nh5 14. Nxe6 fxe6 15. Rad1 Rad8 16. a4 a6 17. axb5 axb5 18. g3 Nb6 19. Bc5 Rf7 20. Qg5 Bf6 21. Qg4 Ng7 22. Ra1 Be7 23. Be3 Bb4 24. Ra6 Nc8 25. Rea1 Rdf8 26. Kg2 Nd6 27. Na2 c5 28. Nxb4 cxb4 29. b3 Nc8 30. R1a2 Qc3 31. Bxb5 Qe1 32. Qe2 Qb1 33. Qd2 Rc7 34. Bc4 Rff7 35. Bd3 Rfe7 36. Ra1 Qb2 1-0

[Event "CUB-ch U18 Girls"]
[Site "Pinar del Rio"]
[Date "2019.06.29"]
[Round "3"]
[White "Nieto Rego, Ana"]
[Black "Santiesteban Garce, Betsandra Y"]
[Result "0-1"]
[WhiteElo "1919"]
[BlackElo "1931"]
[PlyCount "50"]
[EventDate "2019.06.28"]
[EventType "swiss"]
[EventRounds "9"]
[EventCountry "CUB"]
[SourceTitle "CBM 195 Extra"]
[Source "ChessBase"]
[SourceDate "2020.05.31"]
[SourceVersion "1"]
[SourceVersionDate "2020.05.31"]
[SourceQuality "1"]

1. e4 d6 2. d4 g6 3. Nc3 Bg7 4. h3 Nf6 5. Nf3 0-0 6. Be3 Nbd7 7. e5 Ne8 8. Bc4 Nb6 9. Bb3 d5 10. a4 a5 11. Qd2 c6 12. Bh6 Rb8 13. h4 f6 14. 0-0-0 Bg4 15. Rde1 Bxf3 16. gxf3 Bxh6 17. Qxh6 Ng7 18. h5 g5 19. exf6 exf6 20. Ne4 Nf5 21. Nxf6+ Qxf6 22. Qxf6 Rxf6 23. Rhg1 Nxd4 24. Rxg5+ Kf8 25. Re3 Re8 0-1

[Event "CUB-ch U18 Girls"]
[Site "San Nicolas de Bari"]
[Date "2018.06.15"]
[Round "5"]
[White "Garcia Terry, Legna"]
[Black "Santiesteban Garce, Betsandra Y"]
[Result "1-0"]
[WhiteElo "1919"]
[BlackElo "1915"]
[PlyCount "115"]
[EventDate "2018.06.13"]
[EventType "swiss"]
[EventRounds "9"]
[EventCountry "CUB"]
[SourceTitle "EXT 2021"]
[Source "ChessBase"]
[SourceDate "2020.10.23"]
[SourceVersion "1"]
[SourceVersionDate "2020.10.23"]
[SourceQuality "1"]

1. d4 d6 2. b3 g6 3. Bb2 Bg7 4. Nf3 c5 5. e3 cxd4 6. Bxd4 Nf6 7. Be2 0-0 8. 0-0 b6 9. Bb2 Bb7 10. c4 Nbd7 11. Nbd2 Qc7 12. Rc1 Rac8 13. Nd4 a6 14. b4 Qb8 15. N2b3 Rfd8 16. Bf3 Ne5 17. Bxb7 Qxb7 18. Qe2 Qe4 19. Rfd1 Ned7 20. a4 Qb7 21. Ba3 h5 22. a5 e5 23. Nf3 d5 24. axb6 dxc4 25. Na5 Qxb6 26. Nxc4 Qb5 27. Qa2 Ne4 28. Ne1 Nb6 29. Rxd8+ Rxd8 30. Nxb6 Qxb6 31. Nf3 Qb5 32. h3 g5 33. Qc2 Qd5 34. b5 axb5 35. Be7 Rd7 36. Qc8+ Kh7 37. Bxg5 f6 38. Bh4 b4 39. Rc4 Nd2 40. Rxb4 Nxf3+ 41. gxf3 Qe6 42. Kg2 Qf5 43. Bg3 e4 44. fxe4 Qe6 45. e5 fxe5 46. Qc2+ Qg6 47. Qxg6+ Kxg6 48. Kf3 Kf5 49. Bh4 Rd6 50. Be7 Re6 51. e4+ Kg6 52. Bc5 Rf6+ 53. Ke2 Bh6 54. Rb6 Bf4 55. Rxf6+ Kxf6 56. Bb6 Ke6 57. Be3 Bh2 58. Kf3 1-0

[Event "CUB-ch U18 Girls"]
[Site "San Nicolas de Bari"]
[Date "2018.06.14"]
[Round "2"]
[White "Santiesteban Garce, Betsandra Y"]
[Black "Cardosa Espino, Adria"]
[Result "0-1"]
[WhiteElo "1915"]
[BlackElo "1771"]
[PlyCount "110"]
[EventDate "2018.06.13"]
[EventType "swiss"]
[EventRounds "9"]
[EventCountry "CUB"]
[SourceTitle "EXT 2021"]
[Source "ChessBase"]
[SourceDate "2020.10.23"]
[SourceVersion "1"]
[SourceVersionDate "2020.10.23"]
[SourceQuality "1"]

1. e4 e5 2. Nf3 Nc6 3. d4 exd4 4. Nxd4 Nf6 5. Nxc6 bxc6 6. e5 Qe7 7. Qe2 Nd5 8. c4 Ba6 9. b3 g6 10. Bb2 Bg7 11. g3 0-0 12. Bg2 Rfe8 13. 0-0 Nb6 14. Re1 Rab8 15. Bc3 d5 16. Nd2 c5 17. f4 d4 18. Bb2 Red8 19. Qd3 Bc8 20. Ba3 Bf5 21. Be4 Bh3 22. Qf3 Nd7 23. Bd5 Be6 24. Ne4 Bf5 25. Ng5 Be6 26. Rac1 Nxe5 27. Qg2 Bxd5 28. cxd5 Re8 29. Nh3 Nf3+ 30. Qxf3 Qxe1+ 31. Rxe1 Rxe1+ 32. Kg2 Rbe8 33. Nf2 R8e3 34. Qg4 R1e2 35. Bxc5 h5 36. Qc8+ Re8 37. Qa6 Rc2 38. Qxa7 d3 39. Kf3 Rxf2+ 40. Kxf2 d2 41. Qa4 Re1 42. Qb4 d1Q 43. Qxe1 Qc2+ 44. Kf3 Qxc5 45. Qe8+ Bf8 46. Qc6 Qa5 47. a4 Bd6 48. g4 hxg4+ 49. Kxg4 Qb4 50. Qc4 Qa5 51. f5 Qe1 52. fxg6 fxg6 53. Qd3 Qg1+ 54. Kf3 Qh1+ 55. Kg4 Qg2+ 0-1

[Event "CUB-ch U18 Girls"]
[Site "San Nicolas de Bari"]
[Date "2018.06.13"]
[Round "1"]
[White "Hernandez Gil, Ineymig"]
[Black "Santiesteban Garce, Betsandra Y"]
[Result "1-0"]
[WhiteElo "2039"]
[BlackElo "1915"]
[PlyCount "67"]
[EventDate "2018.06.13"]
[EventType "swiss"]
[EventRounds "9"]
[EventCountry "CUB"]
[SourceTitle "EXT 2021"]
[Source "ChessBase"]
[SourceDate "2020.10.23"]
[SourceVersion "1"]
[SourceVersionDate "2020.10.23"]
[SourceQuality "1"]

1. e4 c5 2. Nf3 d6 3. d4 cxd4 4. Nxd4 Nf6 5. Nc3 a6 6. Be2 e5 7. Nf3 Be7 8. Bg5 Nbd7 9. a4 0-0 10. Nd2 b6 11. Nc4 Qc7 12. Ne3 Bb7 13. 0-0 Rfe8 14. Bxf6 Nxf6 15. Ned5 Bxd5 16. Nxd5 Nxd5 17. Qxd5 Qxc2 18. Bc4 Rf8 19. b3 Rab8 20. Rac1 Qb2 21. Bxa6 Qd4 22. Qxd4 exd4 23. Rc7 Bg5 24. f4 Bf6 25. Rfc1 d3 26. Rd1 Bd4+ 27. Kf1 Be3 28. g3 Rbe8 29. Bxd3 Rc8 30. Rd7 Rcd8 31. Rxd8 Rxd8 32. b4 d5 33. exd5 Rxd5 34. Bxh7+ 1-0

[Event "Villa Yayabo tt"]
[Site "Sancti Spiritus"]
[Date "2018.06.09"]
[Round "8.1"]
[White "Santiesteban Garce, Betsandra Y"]
[Black "Ferro Martinez, Damian"]
[Result "1-0"]
[WhiteElo "1915"]
[BlackElo "1965"]
[PlyCount "85"]
[EventDate "2018.06.04"]
[EventType "team-tourn"]
[EventRounds "10"]
[EventCountry "CUB"]
[SourceTitle "EXT 2021"]
[Source "ChessBase"]
[SourceDate "2020.10.23"]
[SourceVersion "1"]
[SourceVersionDate "2020.10.23"]
[SourceQuality "1"]

1. e4 c5 2. Nc3 g6 3. g3 Bg7 4. Bg2 Nc6 5. d3 d6 6. Be3 e5 7. Nd5 Be6 8. c4 Nce7 9. Qd2 Nxd5 10. exd5 Bf5 11. Ne2 Ne7 12. 0-0 0-0 13. a4 a5 14. Ra3 Nc8 15. Bh6 Nb6 16. Bxg7 Kxg7 17. f4 Qe8 18. Nc3 Bd7 19. Nb5 Bxb5 20. axb5 a4 21. f5 f6 22. h4 Qe7 23. fxg6 hxg6 24. h5 gxh5 25. Bh3 h4 26. gxh4 Rh8 27. Qg2+ Kf8 28. Qf2 Rh6 29. Bf5 Qg7+ 30. Kh2 Qg5 31. Kh3 Ke7 32. Rg1 Rxh4+ 33. Qxh4 Qxg1 34. Qh7+ Kf8 35. Bg6 Qh1+ 36. Kg4 Qg2+ 37. Kf5 Qf3+ 38. Ke6 Qg4+ 39. Bf5 Re8+ 40. Kxd6 Nc8+ 41. Kc7 Qg7+ 42. Qxg7+ Kxg7 43. Bxc8 1-0

[Event "Sancti Spiritus Concepcion Memorial tt"]
[Site "Sancti Spiritus"]
[Date "2018.01.18"]
[Round "4.2"]
[White "Santiesteban Garce, Betsandra Y"]
[Black "Sori, Richard"]
[Result "0-1"]
[WhiteElo "1909"]
[BlackElo "1900"]
[PlyCount "128"]
[EventDate "2018.01.16"]
[EventType "team-tourn"]
[EventRounds "10"]
[EventCountry "CUB"]
[SourceTitle "EXT 2021"]
[Source "ChessBase"]
[SourceDate "2020.10.23"]
[SourceVersion "1"]
[SourceVersionDate "2020.10.23"]
[SourceQuality "1"]

1. e4 c5 2. Nc3 Nc6 3. g3 g6 4. Bg2 Bg7 5. d3 e5 6. Be3 d6 7. Qd2 Nge7 8. Bh6 0-0 9. h4 Re8 10. Bxg7 Kxg7 11. h5 Ng8 12. hxg6 fxg6 13. Nge2 Be6 14. Nd5 Nd4 15. Nxd4 cxd4 16. Bh3 Bf7 17. 0-0-0 b5 18. f4 h6 19. Rdf1 a5 20. f5 Bxd5 21. exd5 g5 22. f6+ Nxf6 23. Be6 Rh8 24. Rf5 Qe7 25. Rxg5+ Kf8 26. Rg6 Ke8 27. Rgxh6 Rf8 28. Rh8 Qg7 29. Qh6 Ra7 30. Rxf8+ Kxf8 31. Qh8+ Qxh8 32. Rxh8+ Kg7 33. Rb8 b4 34. Rd8 Ra6 35. Kd2 e4 36. dxe4 Nxe4+ 37. Kd3 Ng5 38. Kxd4 Kf6 39. Bg4 Nf7 40. Re8 Ne5 41. Re6+ Kf7 42. Bh5+ Kg7 43. Be2 Rb6 44. g4 a4 45. g5 Nf7 46. g6 Ng5 47. Re8 Kxg6 48. Bd3+ Kf7 49. Ra8 b3 50. axb3 axb3 51. c4 Nf3+ 52. Kc3 Rb7 53. Be2 Ng5 54. Kd4 Re7 55. Bh5+ Kf6 56. Rb8 Re4+ 57. Kd3 Rh4 58. Be2 Ne4 59. Rb6 Ke5 60. Rb8 Rh3+ 61. Bf3 Rxf3+ 62. Ke2 Rh3 63. Re8+ Kd4 64. Re6 Rh2+ 0-1

[Event "Sancti Spiritus Concepcion Memorial tt"]
[Site "Sancti Spiritus"]
[Date "2018.01.17"]
[Round "3.2"]
[White "Ferro Martinez, Damian"]
[Black "Santiesteban Garce, Betsandra Y"]
[Result "0-1"]
[WhiteElo "1966"]
[BlackElo "1909"]
[PlyCount "98"]
[EventDate "2018.01.16"]
[EventType "team-tourn"]
[EventRounds "10"]
[EventCountry "CUB"]
[SourceTitle "EXT 2021"]
[Source "ChessBase"]
[SourceDate "2020.10.23"]
[SourceVersion "1"]
[SourceVersionDate "2020.10.23"]
[SourceQuality "1"]

1. Nf3 g6 2. c4 Bg7 3. e4 d6 4. d4 Bg4 5. Be3 Nc6 6. Be2 Bxf3 7. Bxf3 e5 8. d5 Nd4 9. Nc3 Ne7 10. g3 c5 11. h4 h5 12. Bg2 a6 13. 0-0 f5 14. exf5 gxf5 15. Bg5 Qd7 16. Na4 Qc7 17. Rb1 b5 18. Nc3 b4 19. Ne2 Nxe2+ 20. Qxe2 Ng8 21. Bh3 Qf7 22. Qc2 Nh6 23. Bxh6 Rxh6 24. Bxf5 Rf6 25. Qa4+ Kf8 26. Qc6 Ra7 27. Be6 Qc7 28. Qa4 Ra8 29. a3 a5 30. axb4 cxb4 31. Rbc1 Bh6 32. Rc2 Ra7 33. Qb3 Qc5 34. Ra1 Kg7 35. Re2 Ra8 36. Qc2 Raf8 37. Rf1 Rf3 38. Kg2 b3 39. Qe4 a4 40. Bd7 a3 41. bxa3 Qxa3 42. Be8 R3f5 43. Bxh5 b2 44. g4 Rxh5 45. gxh5 Bc1 46. Qg6+ Kh8 47. Qe4 Rg8+ 48. Kh2 Bf4+ 49. Qxf4 exf4 0-1

[Event "Sancti Spiritus Concepcion Memorial tt"]
[Site "Sancti Spiritus"]
[Date "2018.01.17"]
[Round "2.3"]
[White "Santiesteban Garce, Betsandra Y"]
[Black "Gonzalez Escalona, Luis"]
[Result "1-0"]
[WhiteElo "1909"]
[BlackElo "1906"]
[PlyCount "57"]
[EventDate "2018.01.16"]
[EventType "team-tourn"]
[EventRounds "10"]
[EventCountry "CUB"]
[SourceTitle "EXT 2021"]
[Source "ChessBase"]
[SourceDate "2020.10.23"]
[SourceVersion "1"]
[SourceVersionDate "2020.10.23"]
[SourceQuality "1"]

1. e4 e6 2. d4 d5 3. Nc3 Nf6 4. e5 Nfd7 5. f4 c5 6. Nf3 Nc6 7. Be3 Qb6 8. Na4 Qa5+ 9. c3 b5 10. Nxc5 Nxc5 11. b4 Qc7 12. dxc5 a6 13. a4 Rb8 14. axb5 axb5 15. Nd4 Na7 16. Ra5 Bd7 17. Bd3 Be7 18. Qe2 Qb7 19. 0-0 Bd8 20. Rxa7 Qxa7 21. c6 Bc8 22. Nxb5 Qe7 23. Nd6+ Kf8 24. Nxc8 Qc7 25. Bc5+ Kg8 26. Nd6 Qxc6 27. Bb5 Qc7 28. Be8 Be7 29. Bxf7+ 1-0

[Event "CUB-ch U18 Girls"]
[Site "Camaguey"]
[Date "2017.06.25"]
[Round "7.6"]
[White "Soler Guerra, Jennys Dailin"]
[Black "Santiesteban Garce, Betsandra Y"]
[Result "1-0"]
[WhiteElo "2214"]
[BlackElo "2005"]
[PlyCount "75"]
[EventDate "2017.06.21"]
[EventType "swiss"]
[EventRounds "9"]
[EventCountry "CUB"]
[SourceTitle "EXT 2023"]
[Source "ChessBase"]
[SourceDate "2022.10.05"]
[SourceVersion "1"]
[SourceVersionDate "2022.10.05"]
[SourceQuality "1"]

1. d4 d6 2. Nf3 g6 3. c4 Bg7 4. Nc3 Bg4 5. Bf4 Bxf3 6. exf3 Nc6 7. d5 Ne5 8. Qd2 c5 9. Be2 h5 10. h4 Nh6 11. Ne4 Nf5 12. Rb1 a5 13. b3 Nd4 14. 0-0 b6 15. Bd1 Qc8 16. Re1 Qf5 17. Be3 Qd7 18. a3 Nf5 19. g3 Nxe3 20. fxe3 Qf5 21. Kg2 g5 22. Qc2 Qd7 23. Nxg5 Bh6 24. Rh1 Bxg5 25. hxg5 Ng6 26. Qe4 0-0-0 27. b4 axb4 28. axb4 Qa7 29. bxc5 dxc5 30. f4 Qa2+ 31. Bc2 Qa5 32. Kf3 Kd7 33. Rb5 Qc3 34. Rxb6 h4 35. Ba4+ Kc7 36. d6+ Kxb6 37. Qc6+ Ka7 38. Qc7+ 1-0

[Event "CUB-ch U18 Girls"]
[Site "Camaguey"]
[Date "2017.06.22"]
[Round "3.3"]
[White "Gonzalez Estrada, Chrissye Luann"]
[Black "Santiesteban Garce, Betsandra Y"]
[Result "1/2-1/2"]
[WhiteElo "1960"]
[BlackElo "2005"]
[PlyCount "53"]
[EventDate "2017.06.21"]
[EventType "swiss"]
[EventRounds "9"]
[EventCountry "CUB"]
[SourceTitle "EXT 2023"]
[Source "ChessBase"]
[SourceDate "2022.10.05"]
[SourceVersion "1"]
[SourceVersionDate "2022.10.05"]
[SourceQuality "1"]

1. d4 d6 2. c4 g6 3. Nc3 Bg7 4. Nf3 Nf6 5. e4 Bg4 6. Be2 Nbd7 7. Be3 Bxf3 8. Bxf3 e5 9. d5 a5 10. a3 h5 11. Qd2 Ng4 12. Bg5 f6 13. h3 Nxf2 14. Bxf6 Bxf6 15. Qxf2 Nc5 16. 0-0 0-0 17. Qc2 a4 18. Rab1 Bg5 19. Kh1 Nb3 20. Rbe1 Bd2 21. Rd1 Qg5 22. Nxa4 Qg3 23. Qxb3 Bf4 24. Kg1 Rxa4 25. Qxa4 Be3+ 26. Kh1 Bf4 27. Kg1 1/2-1/2

[Event "CUB-ch U18 Girls"]
[Site "Camaguey"]
[Date "2017.06.21"]
[Round "1.6"]
[White "Del Rosario Silva, Dexnisi"]
[Black "Santiesteban Garce, Betsandra Y"]
[Result "0-1"]
[WhiteElo "1848"]
[BlackElo "2005"]
[PlyCount "104"]
[EventDate "2017.06.21"]
[EventType "swiss"]
[EventRounds "9"]
[EventCountry "CUB"]
[SourceTitle "EXT 2023"]
[Source "ChessBase"]
[SourceDate "2022.10.05"]
[SourceVersion "1"]
[SourceVersionDate "2022.10.05"]
[SourceQuality "1"]

1. e4 d6 2. d4 g6 3. Nc3 Bg7 4. f4 Nf6 5. Nf3 Bg4 6. e5 Nfd7 7. Be2 c6 8. 0-0 0-0 9. Ng5 Bxe2 10. Qxe2 h6 11. Nf3 dxe5 12. fxe5 Nb6 13. Bd2 Na6 14. Kh1 Nc7 15. Ne4 Ne6 16. c3 Qc7 17. Nc5 Nxc5 18. dxc5 Nd7 19. e6 Nxc5 20. exf7+ Rxf7 21. Qc4 Nd7 22. Nd4 Ne5 23. Qb3 Qb6 24. Rxf7 Nxf7 25. Qc4 c5 26. Rf1 Bf6 27. Nf3 Qd6 28. Bf4 Qa6 29. Qxa6 bxa6 30. Re1 Rd8 31. Kg1 g5 32. Be3 Rd5 33. Kf2 g4 34. Nd2 Ne5 35. Kg3 Nd3 36. Rf1 h5 37. Ne4 Be5+ 38. Kh4 Bxh2 39. g3 Re5 40. Bxc5 Rxe4 41. Bd4 Ne1 42. Kxh5 Bxg3 43. Rf5 Nf3 44. Bxa7 Re5 45. Rxe5 Nxe5 46. b3 Bf4 47. Kh4 g3 48. c4 Nc6 49. Bg1 Bd6 50. Kh3 Kf7 51. c5 Bc7 52. b4 Nxb4 0-1

[Event "Camaguey 503 (Women)"]
[Site "Camaguey"]
[Date "2017.02.02"]
[Round "3.1"]
[White "Santiesteban Garce, Betsandra Y"]
[Black "Ramos Martin, Lisandra"]
[Result "1-0"]
[WhiteElo "1954"]
[BlackElo "1875"]
[PlyCount "93"]
[EventDate "2017.02.01"]
[EventType "tourn"]
[EventRounds "9"]
[EventCountry "CUB"]
[SourceTitle "EXT 2023"]
[Source "ChessBase"]
[SourceDate "2022.10.05"]
[SourceVersion "1"]
[SourceVersionDate "2022.10.05"]
[SourceQuality "1"]

1. e4 c5 2. Nc3 Nc6 3. g3 e6 4. Bg2 Nf6 5. d3 d5 6. Bg5 d4 7. Nce2 h6 8. Bxf6 Qxf6 9. f4 Qd8 10. Nf3 Qb6 11. b3 Be7 12. 0-0 Bd7 13. Nd2 Qc7 14. e5 Nb4 15. Nc4 Nd5 16. a4 0-0-0 17. g4 f6 18. Qd2 Kb8 19. Ng3 g5 20. fxg5 hxg5 21. Bxd5 exd5 22. exf6 Bxf6 23. Rxf6 dxc4 24. Qxg5 cxb3 25. cxb3 Rdg8 26. Rg6 Rxg6 27. Qxg6 Qf4 28. Rf1 Qxg4 29. Qd6+ Ka8 30. Qxc5 Qh3 31. Rf8+ Bc8 32. Rxh8 Qxh8 33. b4 b6 34. Qg5 Bb7 35. h4 Bf3 36. h5 Bxh5 37. Nxh5 Qe8 38. Qd5+ Kb8 39. Qd6+ Ka8 40. Nf4 Qe1+ 41. Kg2 Qd2+ 42. Kg3 Qe1+ 43. Kg4 Qd1+ 44. Kf5 Qxa4 45. Nd5 Qb5 46. Qd8+ Kb7 47. Qc7+ 1-0

[Event "Camaguey 503 (Women)"]
[Site "Camaguey"]
[Date "2017.02.02"]
[Round "4.5"]
[White "Santiesteban Garce, Betsandra Y"]
[Black "Saiz Rodriguez, Daniel Evelio"]
[Result "0-1"]
[WhiteElo "1954"]
[BlackElo "2082"]
[PlyCount "50"]
[EventDate "2017.02.01"]
[EventType "tourn"]
[EventRounds "9"]
[EventCountry "CUB"]
[SourceTitle "EXT 2023"]
[Source "ChessBase"]
[SourceDate "2022.10.05"]
[SourceVersion "1"]
[SourceVersionDate "2022.10.05"]
[SourceQuality "1"]

1. e4 c5 2. Nc3 Nc6 3. g3 g6 4. Bg2 Bg7 5. d3 d6 6. Be3 Rb8 7. Qd2 b5 8. Nd1 b4 9. c3 Ne5 10. h3 bxc3 11. bxc3 Ba6 12. Bf1 d5 13. Bxc5 dxe4 14. d4 Bxf1 15. Kxf1 Qa5 16. Bb4 Qa6+ 17. Qe2 Nd3 18. Rb1 Nf6 19. Ne3 Qa4 20. Ng4 0-0 21. Kg2 Nxg4 22. hxg4 a5 23. Qxe4 Qc2 24. Nh3 Nxb4 25. Qxe7 Nd5 0-1

[Event "Camaguey 503 (Women)"]
[Site "Camaguey"]
[Date "2017.02.01"]
[Round "1.2"]
[White "Santiesteban Garce, Betsandra Y"]
[Black "Diaz Del Valle, Laura Beatriz"]
[Result "1/2-1/2"]
[WhiteElo "1954"]
[BlackElo "1954"]
[PlyCount "100"]
[EventDate "2017.02.01"]
[EventType "tourn"]
[EventRounds "9"]
[EventCountry "CUB"]
[SourceTitle "EXT 2023"]
[Source "ChessBase"]
[SourceDate "2022.10.05"]
[SourceVersion "1"]
[SourceVersionDate "2022.10.05"]
[SourceQuality "1"]

1. e4 c5 2. Nc3 e6 3. g3 Nc6 4. Bg2 d6 5. d3 Nf6 6. f4 Be7 7. Nh3 a6 8. a4 Qc7 9. 0-0 Bd7 10. g4 0-0-0 11. g5 Ne8 12. f5 h6 13. Qh5 Ne5 14. Nf4 g6 15. Qh3 Qa5 16. f6 hxg5 17. Qxh8 Bxf6 18. Qh3 gxf4 19. Bxf4 Nc6 20. Bd2 Qb6 21. a5 Qc7 22. Na4 Nd4 23. Nb6+ Kb8 24. Rxf6 Nxf6 25. Bg5 Nh5 26. Bxd8 Qxd8 27. Rf1 Be8 28. c3 Nb3 29. Nc4 Nxa5 30. Nxa5 Qxa5 31. Qf3 Qb6 32. Qe2 e5 33. Kh1 Nf4 34. Qd2 Bb5 35. Rf3 Qa5 36. h3 Bc6 37. Re3 f5 38. Re1 c4 39. dxc4 Nxg2 40. Qxd6+ Qc7 41. Qf8+ Ka7 42. Kxg2 Bxe4+ 43. Kh2 Qxc4 44. Qd6 Qb5 45. b4 Qb6 46. Qd2 Qc7 47. Rd1 Bc6 48. c4 e4+ 49. Kg1 Qg3+ 50. Qg2 Qxg2+ 1/2-1/2